000 00371nam a22001217a 4500
020 _a9788170357872
082 _a631.56
_bCHA/PO
100 _aChavan, U.D
_aPawar, V. D
_9329
245 _aPostharvest Management and Processing Technology: Cereals, Pulses, Oilseeds, Fruits and Vegetables
260 _aNew Delhi
_bDaya Publishing HOUSE
_c2012
300 _a409
942 _cBK
999 _c14252
_d14252